Technology entrepreneurship development in Malaysia : a case study of the National Automotive Industry /
محفوظ في:
| المؤلف الرئيسي: | |
|---|---|
| التنسيق: | أطروحة كتاب |
| اللغة: | English |
| منشور في: |
2008.
|
| الموضوعات: | |
| الوصول للمادة أونلاين: | http://dspace.fsktm.um.edu.my/handle/1812/579 |
| الوسوم: |
إضافة وسم
لا توجد وسوم, كن أول من يضع وسما على هذه التسجيلة!
|
| LEADER | 01208cam a2200289 a 4500 | ||
|---|---|---|---|
| 001 | u786897 | ||
| 003 | SIRSI | ||
| 005 | 201002121458 | ||
| 008 | 100212s2008 my t 000 0 eng m | ||
| 040 | |a UMM | ||
| 043 | |a a-my--- | ||
| 090 | |a Q175 |b UMP 2008 Syaa | ||
| 100 | 0 | |a Syahida Abdullah. | |
| 245 | 1 | 0 | |a Technology entrepreneurship development in Malaysia : |b a case study of the National Automotive Industry / |c Syahida Abdullah. |
| 260 | |c 2008. | ||
| 300 | |a xvii, 255 p. : |b ill. ; |c 30 cm. | ||
| 502 | |a Thesis (Ph.D) -- Jabatan Pengajian Sains dan Teknologi, Fakulti Sains, Universiti Malaya, 2009. | ||
| 504 | |a Bibliography: leaves 211-224. | ||
| 650 | 0 | |a Automobile industry and trade |z Malaysia |x Technological innovations. | |
| 650 | 0 | |a Technological innovations |z Malaysia |x Economic aspects. | |
| 650 | 0 | |a High technology industries |z Malaysia |x Management. | |
| 650 | 0 | |a Entrepreneurship |z Malaysia. | |
| 710 | 2 | |a Universiti Malaya. |b Jabatan Pengajian Sains dan Teknologi. | |
| 856 | 4 | 1 | |u http://dspace.fsktm.um.edu.my/handle/1812/579 |
| 900 | |a SJMK-ZA | ||
| 596 | |a 1 | ||
| 999 | |a Q175 UMP 2008 SYAA |w LC |c 1 |i A513732215 |d 6/11/2017 |e 6/11/2017 |f 10/3/2010 |g 1 |l STACKS |m P01UTAMA |n 16 |r Y |s Y |t TESIS |u 10/3/2010 | ||
